| 000 | 00481nam a2200181 a 4500 | ||
|---|---|---|---|
| 001 | 1777708524229 | ||
| 003 | YourLibrary | ||
| 005 | 20260502132953.0 | ||
| 008 | 260502s2007##################000#0#eng## | ||
| 020 | _a9789041126658 | ||
| 082 | 0 | 4 |
_a343.04 _bLAN |
| 100 | 1 |
_aLang, Michael, _eauthor. |
|
| 245 | 1 | 0 | _aThe EU and Third Countries : |
| 260 |
_bKluwer Law International, _c2007. |
||
| 650 | 0 | _aCorporations. | |
| 942 | _cENGLISH | ||
| 040 |
_aYourLibrary _beng _cYourLibrary |
||
| 999 |
_c622043 _d622043 |
||